000 00604nam a2200277Ia 4500
005 20260401122434.0
008 008 250103s9999 xx 000 0 eng d
020 _a9780754662815
037 _aTB
040 _aEDL
040 _beng
040 _cEDL
041 _2eng
041 _aeng
084 _a792.09HEN
084 _qEDL
245 0 _aTransnational exchange in early modern theatre :
260 _aSurrey, London
260 _bAshgate
260 _c2007
300 _a264p
942 _cTB
942 _h792.09HEN
999 _c1847292
_d1847292